Top 10 - Most biodiverse countries - Statistics

General Stats
  • This quiz has been taken 68 times
  • The average score is 9 of 10
Answer Stats
Number Answer % Correct
1 Brazil
98%
10 USA/Venezuela
98%
2 Colombia
97%
4 China
90%
8 India
89%
3 Indonesia
89%
7 Australia
87%
6 Peru
87%
5 Mexico
82%
9 Ecuador
75%
No matching quizzes found
Score Distribution
Percent of People with Each Score
Percentile by Number Answered
Your Score History
You have not taken this quiz